Luyện nghe nói đọc viết với đĩa CD : Kèm 1 đĩa CD

Spremljeno u:
Bibliografski detalji
Format: Knjiga
Jezik:Undetermined
Izdano: Tp. Hồ Chí Minh Nxb Tp. Hồ Chí Minh 2003
Teme:
Oznake: Dodaj oznaku
Bez oznaka, Budi prvi tko označuje ovaj zapis!
Thư viện lưu trữ: Trung tâm Học liệu Trường Đại học Cần Thơ
LEADER 00679nam a2200205Ia 4500
001 CTU_87100
008 210402s9999 xx 000 0 und d
020 |c 26000 
082 |a 428.24 
082 |b L527 
245 0 |a Luyện nghe nói đọc viết với đĩa CD : 
245 0 |b Kèm 1 đĩa CD 
245 0 |c Nguyễn Thành Yến dịch 
260 |a Tp. Hồ Chí Minh 
260 |b Nxb Tp. Hồ Chí Minh 
260 |c 2003 
650 |a English language,English language,English language,English language 
650 |x Listening,Reading,Writing,Studying and teaching 
904 |i M.Loan 
980 |a Trung tâm Học liệu Trường Đại học Cần Thơ